Séries décrites selon le point de vue d'un personnage II - Statistiques

Statistiques générales
  • Ce quiz a été pris 811 fois
  • Le résultat moyen est 3 sur 20
Statistiques - réponses
Hint Réponse % Correct
Mon tatoueur peut potentiellement s'échapper d'une prison Prison Break
91%
Mon fils a disparu, du coup, je gaspille énormement d'argent dans les guirlandes de Noël. Stranger Things
55%
Michael Scofield
40%
Joyce Byers
20%
Quand je n'aide pas à résoudre des meurtres en série, il m'arrive de citer des gens. Mais rarement depuis un avion. Esprits Criminels
18%
Mes fils se ruinent en sel pour me retrouver Supernatural
17%
Les rousses pensent que je ne sais rien Game of Thrones
15%
Jon Snow
13%
Eurrrrrrrrrrrh... Bheeeeeeu... The walking Dead
12%
Un zombie
9%
Je ne suis vraiment pas un documentaliste scolaire comme les autres Buffy contre les vampires
8%
John Winchester
7%
J'ai commencé avec une soeur adoptive et je finis avec genre...cinq ! Orphan Black
6%
Rupert Giles
6%
Penelope Garcia
5%
Je mets un temps fou pour résoudre plus de meurtres qu'il n'y a d'habitants dans la campagne Anglaise Inspecteur Barnaby
4%
John Barnaby
2%
Le nom du bar de mon "maker" est un jeu de mot pourri True Blood
2%
Felix Dawkins
1%
Pamela Swynford de Beaufort
1%
Aucun quiz correspondant
Distribution des résultats
% des personnes avec chaque résultat
Percentile par nombre de réponses
Votre historique - résultats
Vous n’avez pas pris ce quiz